Normal view
MARC view
Entry Personal Name
001 - CONTROL NUMBER
- control field: 37432
003 - CONTROL NUMBER IDENTIFIER
- control field: OSt
005 - DATE AND TIME OF LATEST TRANSACTION
- control field: 20160209125257.0
008 - FIXED-LENGTH DATA ELEMENTS
- fixed length control field: 160209|| aca||aabn | a|a d
040 ## - CATALOGING SOURCE
- Original cataloging agency: OSt
- Transcribing agency: OSt
100 ## - HEADING--PERSONAL NAME
- Personal name: जैन बालचन्द
670 ## - SOURCE DATA FOUND
- Source citation: Work cat.: (OSt)25010: जैन बालचन्द , दर्शन शास्त्र की रूपरेखा , 1949









